| 000 | 00371nam a2200145Ia 4500 | ||
|---|---|---|---|
| 008 | 150301s2014 xx 000 0 und d | ||
| 082 |
_a610.757 _bB14H |
||
| 100 | _aHINLKE,JANICE.L. | ||
| 245 | _aBRUNER'S TB OF MEDICAL SURGICAL NURSING | ||
| 250 | _a13TH | ||
| 260 |
_bWOLTER KLUWER _aDELHI _c2014 |
||
| 300 | _a1085 | ||
| 650 | _aSURGICAL NURSING | ||
| 942 |
_2ddc _cBK _056 |
||
| 999 |
_c6765 _d6765 |
||